Entry Nombre personal
001 - NÚMERO DE CONTROL
- campo de control: 18024
003 - IDENTIFICADOR DE NÚMERO DE CONTROL
- campo de control: SpMaBN
005 - FECHA Y HORA DE LA ÚLTIMA TRANSACCIÓN
- campo de control: 20230528192708.0
008 - ELEMENTOS DE DATO DE LONGITUD-FIJA
- campo de control de longitud fija: 020419n| aijnnaabn a aaa
016 ## - NÚMERO DE CONTROL DE UNA AGENCIA BIBLIOGRÁFICA NACIONAL
- Número de control del registro: BNE20020935704
024 7# - IDENTIFICADOR DE OTROS ESTÁNDARES
- Número estándar o código: http://viaf.org/viaf/116144297
- Fuente: viaf
040 ## - FUENTE DE CATALOGACIÓN
- Centro catalogador/agencia de origen: SpMaBN
- Lengua de catalogación: spa
- Centro/agencia transcriptor: SpMaBN
- Normas de descripción: rdc
- Convención/Normas de encabezamiento de materia/tesauro: embne
- Centro/agencia modificador: ES-MaACL
046 ## - FECHAS CON CODIFICACIÓN ESPECIAL
- Fecha de nacimiento: 1936
- Fecha de la muerte: 2010
100 1# - ENCABEZAMIENTO-NOMBRE DE PERSONA
- Nombre de persona: Ǧābirī, Muḥammad ʻĀbid al-,
- Fechas asociadas al nombre: 1936-2010
370 ## - LUGAR ASOCIADO
- Lugar de nacimiento: Marruecos
370 ## - LUGAR ASOCIADO
- Lugar de fallecimiento: Marruecos
374 ## - OCUPACIÓN
- Ocupación: Filósofos
- Ocupación: Profesores universitarios
375 ## - GÉNERO/SEXO
- Género: Masculino
377 ## - IDIOMA ASOCIADO
- Término de lengua/lenguaje: Arabe
400 1# - TRAZADO DE VÉASE--NOMBRE DE PERSONA
- Nombre de persona: Abed al-Jabri, Mohammed,
- Fechas asociadas al nombre: 1936-2010
400 1# - TRAZADO DE VÉASE--NOMBRE DE PERSONA
- Nombre de persona: Al-Jabiri, Mohammad Abed,
- Fechas asociadas al nombre: 1936-2010
400 1# - TRAZADO DE VÉASE--NOMBRE DE PERSONA
- Nombre de persona: Jabri, Mohammed Abed al-,
- Fechas asociadas al nombre: 1936-2010
400 1# - TRAZADO DE VÉASE--NOMBRE DE PERSONA
- Nombre de persona: Yabri, Mohamed Ábed,
- Fechas asociadas al nombre: 1936-2010
400 1# - TRAZADO DE VÉASE--NOMBRE DE PERSONA
- Nombre de persona: Al-Yabri, Mohammed Abed,
- Fechas asociadas al nombre: 1936-2010
400 1# - TRAZADO DE VÉASE--NOMBRE DE PERSONA
- Nombre de persona: Al-Jabiri, Muhammad `Abid,
- Fechas asociadas al nombre: 1936-2010
400 1# - TRAZADO DE VÉASE--NOMBRE DE PERSONA
- Nombre de persona: Al Jabri, Mohamed Abed,
- Fechas asociadas al nombre: 1936-2010
400 1# - TRAZADO DE VÉASE--NOMBRE DE PERSONA
- Nombre de persona: Jābirī, Muḥammad ʻĀbid,
- Fechas asociadas al nombre: 1936-2010
400 1# - TRAZADO DE VÉASE--NOMBRE DE PERSONA
- Nombre de persona: الجابري, محمد عابد,
- Fechas asociadas al nombre: 1936-2010
670 ## - FUENTE DE DATOS ENCONTRADOS
- Cita de la fuente: Human development in the Arab world, 1995;
- Información encontrada: port. (Mohammad Abed al-Jabiri)
670 ## - FUENTE DE DATOS ENCONTRADOS
- Cita de la fuente: Crítica de la razón árabe, 2001;
- Información encontrada: port. (Mohammed Abed al-Yabri)
670 ## - FUENTE DE DATOS ENCONTRADOS
- Cita de la fuente: El legado filosófico árabe, 2001;
- Información encontrada: port. (Mohamed Ábed Yabri)
670 ## - FUENTE DE DATOS ENCONTRADOS
- Cita de la fuente: WWW BnF aut., 31-1-2023;
- Información encontrada: (Ǧābirī, Muḥammad ʻĀbid al- (1935-2010). Filósofo marroquí, profesor de la Universidad de Rabat)
- Identificador Uniforme de Recursos: http://ark.bnf.fr/ark:/12148/cb12440098h
670 ## - FUENTE DE DATOS ENCONTRADOS
- Cita de la fuente: WWW VIAF BN Marruecos, 31-1-2023;
- Información encontrada: (Al Jabri, Mohamed Abed (1936-2010))
670 ## - FUENTE DE DATOS ENCONTRADOS
- Cita de la fuente: WWW Fundación Ignacio Larramendi, 31-1-2023;
- Información encontrada: (Gabiri, Muhammad Abid al (Marruecos, 1935-2010))
- Identificador Uniforme de Recursos: http://www.larramendi.es/traductores_toledo/es/consulta_aut/re gistro.do?id=26827
670 ## - FUENTE DE DATOS ENCONTRADOS
- Cita de la fuente: WWW LC auth. file, 19-04-2002;
- Información encontrada: (Jābirī, Muḥammad ʻĀbid)
670 ## - FUENTE DE DATOS ENCONTRADOS
- Cita de la fuente: WWW Bibl. Islám. "Félix María Pareja", 19-04-2002;
- Información encontrada: (Abed al-Jabri, Mohammed)
670 ## - FUENTE DE DATOS ENCONTRADOS
- Cita de la fuente: WWW Bn España aut., 28-5-2023;
- Información encontrada: (Ǧābirī, Muḥammad ʻĀbid al-, 1936-2010)
955 ## - CATALOGADOR - EDICIÓN
- Nombre del catalogador: Julia Mas Vieira
